000
00299nam a22001337a 4500
008
171017b xxu||||| |||| 00| 0 eng d
020
_a
9780256138252
041
_a
eng
080
_2
2ND
_a
330.101.542
100
_a
52
101
_a
MIK
245
_a
MICROECONOMICS
_c
COLANDER,D.C
942
_2
udc
_c
BK
999
_c
34409
_d
34409